History, spirit, and experience : Hegel's conception of the historical task of philosophy in his age (Record no. 205591)

MARC details
000 -LEADER
fixed length control field 00663nam a2200205Ia 4500
008 - FIXED-LENGTH DATA ELEMENTS--GENERAL INFORMATION
fixed length control field 191130s1995##################000#0#eng##
020 ## - INTERNATIONAL STANDARD BOOK NUMBER
ISBN 9783631468418
082 ## - DEWEY DECIMAL CLASSIFICATION NUMBER
Classification number 193 WAL.2
100 ## - MAIN ENTRY--AUTHOR NAME
Personal name Walker, John
245 ## - TITLE STATEMENT
Title History, spirit, and experience : Hegel's conception of the historical task of philosophy in his age
Statement of responsibility, etc John Walker
260 ## - PUBLICATION, DISTRIBUTION, ETC. (IMPRINT)
Place of publication Bern
Name of publisher Peter Lang
Year of publication c1995
300 ## - PHYSICAL DESCRIPTION
Number of Pages 179 p. ; 22 cm
500 ## - GENERAL NOTE
General note Includes bibliographical references (p. 175-179)
650 ## - SUBJECT ADDED ENTRY--TOPICAL TERM
Topical Term Hegel, Georg Wilhelm Friedrich, 1770-1831
991 ## -
-- 70883
Holdings
Withdrawn status Lost status Damaged status Not for loan Home library Current library Shelving location Date acquired Full call number Accession Number Price effective from Koha item type
        Anna Centenary Library Anna Centenary Library 3RD FLOOR, A WING 13.10.2020 193 WAL.2 221333 13.10.2020 English Books

Find us on the map